La Liga Goalkeeper of the season - Statistics

General Stats
  • This quiz has been taken 31 times
  • The average score is 16 of 16
Answer Stats
Hint Nationality Answer Team % Correct
2008–09 Spanish Iker Casillas Real Madrid
100%
2011-12 Spanish Iker Casillas Real Madrid
100%
2015-16 Slovenian Jan Oblak Atletico Madrid
100%
2016-17 Slovenian Jan Oblak Atletico Madrid
100%
2017-18 Slovenian Jan Oblak Atletico Madrid
100%
2018-19 Slovenian Jan Oblak Atletico Madrid
100%
2020-21 Slovenian Jan Oblak Atletico Madrid
100%
2022-23 German Marc-André ter Stegen Barcelona
100%
2012-13 Belgian Thibaut Courtois Atletico Madrid
100%
2019-20 Belgian Thibaut Courtois Real Madrid
100%
2013-14 Costa Rican Keylor Navas Levante
97%
2021-22 Moroccan Yassine Bounou Sevilla
97%
2009-10 Spanish Víctor Valdés Barcelona
93%
2010-11 Spanish Víctor Valdés Barcelona
93%
2014-15 Chilean Claudio Bravo Barcelona
90%
2023-24 Spanish Unai Simón Athletic Bilbao
80%
No matching quizzes found
Score Distribution
Percent of People with Each Score
Percentile by Number Answered
Your Score History
You have not taken this quiz